000 01086cad a22002295a 4500
001 E148170
008 090811s2009 xxk f 000 0 eng d
035 _a(Sirsi) u148170
041 0 _aeng
050 0 4 _a333.33 $2 18
110 2 _aJones Lang LaSalle
_93755
245 0 0 _aPulse
_bEuropean office property clock, Q2 2009
_h[electronic resource]
260 _a[S.l.]
_bJLL
_c2009
490 0 _aJLL European Office Property Clock
_vSecond Quarter 2009
520 _aSuggests that the economic downturn in the Eurozone is continuing to affect the office market, with prime office rents continuing to fall, although at a slower pace than at the start of the year. The European Office Rental Index, which is based on the performance of 24 markets, fell by 4.6% in Q2 2009, with prime rents now 15.4% lower than a year ago.
521 _aAdvanced
590 _aKA
651 4 _aEurope
690 _aPROPERTY-COMMERCIAL PROPERTY-OFFICE PROPERTY-OFFICE MARKET
856 4 0 _uhttps://www.joneslanglasalle.eu
_zView the research free of charge at www.joneslanglasalle.eu...
942 _n0
999 _c109929
_d109929